UITU Library & LRC     

Study NGN (IPTV) for Efficient Transport of Video Streams in PTCL (Record no. 33558)

MARC details
000 -LEADER
fixed length control field 00502nam a2200133Ia 4500
008 - FIXED-LENGTH DATA ELEMENTS--GENERAL INFORMATION
fixed length control field 260210s9999 xx 000 0 und d
024 ## - OTHER STANDARD IDENTIFIER
Standard number or code 07A-009-TE, 07A-045-TE, 07A-032-TE & 07A-046-TE
082 ## - DEWEY DECIMAL CLASSIFICATION NUMBER
Classification number 621.38224072 ASI
100 ## - MAIN ENTRY--PERSONAL NAME
Personal name Asif Mehmood, Rahat Ali, Muhammad Shahzad & Faheem Haider
245 #0 - TITLE STATEMENT
Title Study NGN (IPTV) for Efficient Transport of Video Streams in PTCL
260 ## - PUBLICATION, DISTRIBUTION, ETC.
Place of publication, distribution, etc. Karachi:
Name of publisher, distributor, etc. UITU,
Date of publication, distribution, etc. 2007
600 ## - SUBJECT ADDED ENTRY--PERSONAL NAME
Personal name Telecommunication Engineering
650 ## - SUBJECT ADDED ENTRY--TOPICAL TERM
Topical term or geographic name entry element Bachelor of Engineering (BE)

No items available.

Powered by Koha